Former MLB Stadiums by Picture #2 (1970s Multipurpose Monstrosities) - Statistics

General Stats
  • This quiz has been taken 120 times
  • The average score is 11 of 14
Answer Stats
Picture Hint Answer % Correct
1965-1999 Astros Astrodome
99%
1964-2008 Mets; 1974-1975 Yankees Shea Stadium
93%
1966-2005 Cardinals Busch Memorial Stadium | Busch Stadium
92%
1960-1999 Giants Candlestick Park
92%
1977-1999 Mariners Kingdome
86%
1962-1971 Senators; 2005-2007 Nationals RFK Memorial Stadium
84%
1970-2000 Pirates Three Rivers Stadium
84%
1982-2009 Twins Hubert H Humphrey Metrodome
82%
1970-2002 Reds Riverfront Stadium
79%
1965-1996 Braves Atlanta-Fulton County Stadium
78%
1971-2003 Phillies Veterans Stadium
78%
1977-2004 Expos Olympic Stadium
75%
1969-2003 Padres San Diego Stadium | Qualcomm Stadium | Jack Murphy Stadium
73%
1977-1989 Blue Jays Exhibition Stadium
45%
No matching quizzes found
Score Distribution
Percent of People with Each Score
Percentile by Number Answered
Your Score History
You have not taken this quiz